| 000 | 00000nam##2200000za#4500 |
| 001 | 9.699170 |
| 003 | CaOODSP |
| 005 | 20210625000248 |
| 007 | cr ||||||||||| |
| 008 | 150407|1995||||xxc|||||o f|0| 0 eng|d |
| 040 | |aCaOODSP|beng |
| 043 | |an-cn--- |
| 086 | 1 |aEn108-4/64-1995E-PDF |
| 110 | 1 |aCanada.|bCanadian Council of Ministers of the Environment. |
| 245 | 10|aPCB transformer decontamination : |h[electronic resource]|bstandards and protocols |
| 260 | |aWinnipeg - Manitoba : |bCanadian Council of Ministers of the Environment |cDecember 1995. |
| 300 | |a44p.|bfigs., glossary, references, table |
| 500 | |aThe ISBN (1-895925-4-3) for the print edition has been incorrectly copied in this electronic publication. |
| 546 | |a(Avant-propos en français). |
| 590 | |a14-21-Supp|b2014-12-11 |
| 690 | 07|aGuidelines|2gcpds |
| 690 | 07|aHazardous waste|2gcpds |
| 690 | 07|aDecontamination|2gcpds |
| 775 | 08|tDécontamination des transformateurs contenant des BPC : |w(CaOODSP)9.643291 |
| 856 | 40|ahttp://publications.gc.ca|qPDF|s1.99 MB|uhttps://publications.gc.ca/collections/collection_2014/ec/En108-4-64-1995-eng.pdf |
| 986 | |aCCME EPC-HW-105E |